Southville International School and Colleges
Your cart is empty.
  • Cart
  • Lists
    Public lists Eva Luna New books Lux_list list_1
    Your lists Log in to create your own lists
  • Log in to your account
  • Your cookies
  • Search history
Southville International School and Colleges
  • Advanced search
  • Recent comments
  • Most popular
  • Libraries

Log in to your account

Log in with GOOGLE


If you do not have an external account, but do have a local account, you can still log in:

  1. Home
  2. MARC view: Edison's alley /
Normal view MARC view ISBD view

Edison's alley / (Record no. 294993)

[ view plain ]
MARC details
000 -LEADER
fixed length control field 01174cam a2200325 i 4500
001 - CONTROL NUMBER
control field 18302253
003 - CONTROL NUMBER IDENTIFIER
control field SISC
005 - DATE AND TIME OF LATEST TRANSACTION
control field 20160601104612.0
008 - FIXED-LENGTH DATA ELEMENTS--GENERAL INFORMATION
fixed length control field 140915s2015 cau c 000 1 eng
010 ## - LIBRARY OF CONGRESS CONTROL NUMBER
LC control number 2014033469
020 ## - INTERNATIONAL STANDARD BOOK NUMBER
International Standard Book Number 9781423148067
040 ## - CATALOGING SOURCE
Original cataloging agency DLC
Language of cataloging eng
Transcribing agency DLC
Description conventions rda
Modifying agency DLC
042 ## - AUTHENTICATION CODE
Authentication code lcac
-- pcc
050 00 - LIBRARY OF CONGRESS CALL NUMBER
Classification number PZ 7 .S55987
Item number Ed 2015
082 00 - DEWEY DECIMAL CLASSIFICATION NUMBER
Classification number [Fic]
100 1# - MAIN ENTRY--PERSONAL NAME
Personal name Shusterman, Neal,
Relator term author.
245 10 - TITLE STATEMENT
Title Edison's alley /
Statement of responsibility, etc Neal Shusterman and Eric Elfman.
250 ## - EDITION STATEMENT
Edition statement First edition.
300 ## - PHYSICAL DESCRIPTION
Extent 250 pages ;
Dimensions 22 cm.
490 0# - SERIES STATEMENT
Series statement Accelerati trilogy ;
Volume number/sequential designation book 2
520 ## - SUMMARY, ETC.
Summary, etc "Nick and his friends race against their foes to retrieve more pieces of Tesla's free energy transmitter, only to see them fall into the hands of the Accelerati's shadowy leader"--
600 11 - SUBJECT ADDED ENTRY--PERSONAL NAME
Personal name Tesla, Nikola,
Dates associated with a name 1856-1943
Form subdivision Fiction.
650 #1 - SUBJECT ADDED ENTRY--TOPICAL TERM
Topical term or geographic name as entry element Inventions
Form subdivision Fiction.
650 #1 - SUBJECT ADDED ENTRY--TOPICAL TERM
Topical term or geographic name as entry element Science fiction.
651 #1 - SUBJECT ADDED ENTRY--GEOGRAPHIC NAME
Geographic name Colorado Springs (Colo.)
Form subdivision Fiction.
700 1# - ADDED ENTRY--PERSONAL NAME
Personal name Elfman, Eric,
Relator term author.
906 ## - LOCAL DATA ELEMENT F, LDF (RLIN)
a 7
b cbc
c orignew
d 1
e ecip
f 20
g y-gencatlg
942 ## - ADDED ENTRY ELEMENTS (KOHA)
Source of classification or shelving scheme Library of Congress Classification
Koha item type Books
Holdings
Withdrawn status Lost status Source of classification or shelving scheme Damaged status Home library Current library Shelving location Date acquired Source of acquisition Total Checkouts Full call number Barcode Date last seen Price effective from Koha item type
    Library of Congress Classification   Luxembourg Library Luxembourg Library Fiction Section 05/25/2016 Library Fund   PZ 7 .S55987 Ed 2015 20168 05/25/2016 05/25/2016 Books

Edison's alley /

APA

Shusterman N., Elfman E., .Edison's alley. : .

Chicago

Shusterman Neal, Elfman Eric, .Edison's alley. : .

Harvard

Shusterman N., Elfman E., .Edison's alley. : .

MLA

Shusterman Neal, Elfman Eric, .: . .

  • Place hold
  • Print
  • Cite
  • Add to your cart (remove)
  • Save record
    BIBTEX Dublin Core MARCXML MARC (non-Unicode/MARC-8) MARC (Unicode/UTF-8) MARC (Unicode/UTF-8, Standard) MODS (XML) RIS
  • More searches
    Search for this title in:
    Other Libraries (WorldCat) Other Databases (Google Scholar) Online Stores (Bookfinder.com) Open Library (openlibrary.org)

Exporting to Dublin Core...

SOUTHVILLE LIBRARY

Southville International School and Colleges Library

1281 Tropical Ave. Cor. Luxembourg St., BF Homes International, Las Pinas City

Tel. No. 8256374 / 252358 Loc. 117/146

Powered by Koha